| 000 | 00942 a2200205 4500 | ||
|---|---|---|---|
| 001 | 48634 | ||
| 005 | 20260407155751.0 | ||
| 008 | 260407a1963 arg spa d | ||
| 003 | AR-UNSa-BCEJYS | ||
| 040 |
_aAR-UNSa-BCEJYS _bspa _cAR-UNSa-BCEJYS |
||
| 080 |
_a336.226 _xTipos de impuestos. Impuestos directos e indirectos |
||
| 245 | 1 | 0 | _aImpuesto al gasto |
| 264 | 1 |
_aBuenos Aires : _bFondo de Cultura Económica _c1963 |
|
| 300 |
_a250 p. _c21 cm. |
||
| 505 | _a1. Ingreso, gasto y capacidad gravable - 2. Impuestos y ahorros - 3. Los impuestos y la disposición de asumir riesgos - 4. Los impuestos y el incentivo al trabajo - 5. Impuestos a las compañías - 6. Los impuestos y el progreso económico - 7. ¿Es factible un impuesto al gasto personal? - 8. Propuesta para una reforma al impuesto adicional - | ||
| 942 | _cBK | ||
| 590 | _aniveau_biblio:m niveau_hierar:0 | ||
| 100 | 1 | _aKaldor, Nicholas | |
| 700 | 1 | _aPimentel, Rubén C. | |
| 999 |
_c4662 _d4662 |
||